| 000 | 01091nam a2200277Ia 4500 | ||
|---|---|---|---|
| 003 | OSt | ||
| 005 | 20221005110515.0 | ||
| 006 | a|||||r|||| 00| 0 | ||
| 007 | ta | ||
| 008 | 221004b |||||||| |||| 00| 0 hin d | ||
| 020 |
_a8121401186 (hbk) _cINR 250.00 |
||
| 024 | _a41493 | ||
| 037 |
_b305, 25/02/2019, Eastern Book Linkers _cTextual |
||
| 040 |
_aCRL _cCRL _bhin |
||
| 041 |
_2hin _ahin |
||
| 082 | _aO152,6N11x, Q1 | ||
| 100 |
_aवात्स्यायन, सच्चिदानन्द हीरानन्द, ले. _9624115 |
||
| 245 | 0 | _aआत्मपरक | |
| 246 | _aĀtmaparaka | ||
| 260 |
_aनई दिल्ली _bनेशनल पेपरबैक्स भारत _c2011 |
||
| 300 |
_a292पृ0 _ccm. |
||
| 650 | _a हिन्दी साहित्य | ||
| 650 | _aहिन्दी निबंध | ||
| 942 |
_hO152,6N11x, Q1 _cTEXL _2cc |
||
| 999 |
_c1019038 _d1019038 |
||